| 000 | 01510cam a22003734i 4500 | ||
|---|---|---|---|
| 003 | PE-LiUPU | ||
| 005 | 20250731184115.0 | ||
| 008 | 150616s r 000 0 d | ||
| 020 | _a9506140340 | ||
| 035 | _a(Sirsi) i9789506140342 | ||
| 040 |
_aPE-LiUPU _bspa _cPE-LiUPU _erda |
||
| 049 | _aPRUA | ||
| 082 | 0 | 4 |
_a891.73 _bP291d _223 |
| 100 | 1 |
_aPasternak, Boris L., _eautor. |
|
| 245 | 1 | 3 |
_aEl doctor Jivago / _cBoris L. Pasternak. |
| 264 | 1 |
_aBuenos Aires : _bHyspamérica Ediciones Argentina, _c1983. |
|
| 300 |
_a445 páginas ; _c20 centímetros. |
||
| 336 |
_atext _2rdacontent |
||
| 337 |
_aunmediated _2rdamedia |
||
| 338 |
_avolume _2rdacarrier |
||
| 490 | 0 |
_a(Los Premios Nobel ; _v10) |
|
| 505 | 0 | _aEl directo de las cinco -- La muchacha de otro medio -- El árbol de navidad de los Sventitski -- Madura lo inevitable -- El adiós al pasado -- Alto en Moscú -- El viaje -- La llegada -- Varykino -- En la gran carretera -- El ejército de los bosques -- El serbal escarchado -- Ante la casa de las estatuas -- Otra vez en Varykino -- Conclusión -- Poesías de Yuri Jivago. | |
| 526 | _aP145 | ||
| 526 | _aP127 | ||
| 526 | _aP97 | ||
| 526 | _aP14 | ||
| 526 | _aP07 | ||
| 650 | 0 |
_aNovela rusa _92063 |
|
| 910 | _ajck | ||
| 942 |
_2ddc _cBK |
||
| 949 |
_a808.8 P27 _wDEWEY _c1 _i24618 _lCCODEBUL1 _mBUL _r0 _sY _tBOOK _u2015-6-16 _xEDUCACION _0COMPRA _o.STAFF. Colección General |
||
| 980 |
_81 _gALBERTO SANCHEZ Responsable de Automatización |
||
| 999 |
_c52273 _d52273 |
||